000 02117nam a2200337 a 4500
001 000000461
005 20210628225111.0
008 081204s2005 dr a 000 0 spa
020 _a9993462195
040 _aDO-SdBNP
_bspa
_cBNPHU
082 _a338.97293
_bP387p
100 1 _aPellerano Morilla, Fernando,
_b1950-
_91530
245 1 0 _aPolítica económica :
_balternativas al neoliberalismo /
_cFernando Pellerano Morilla.
260 _aSanto Domingo :
_bUASD,
_c2005.
300 _a223 p. :
_bil. ;
_c21cm.
490 1 _aPublicaciones de la Universidad Autónoma de Santo Domingo ;
_v1252
490 1 _aEconomía y sociedad ;
_v19
500 _aIncluye datos biográficos del autor en la solapa
500 _aIncluye referencias bibliográficas y notas al pie de las páginas
504 _aBibliografía : p. 219-224
505 0 _aMitos y realidades sobre la globalización --
_tAjuste con estancamiento: evaluación crítica del neoliberalismo --
_tTeórias sobre la formación de la política económica --
_tEl futuro de una desilusión --
_t¿Qué significa "Primero la Gente" en la política económica? --
_tLa política económica dominicana 1982-1986: ideología y grupos de intereses --
_tPerspectivas del socialismo democrático en República Dominicana --
_tLos problemas fiscales estructurales del Estados Dominicano
_tEl problema de la deuda externa dominicana --
_tDolarización financiera en la economía dominicana --
_tUna política económica alternativa frente al FMI (documento del Colegio Dominicano de Economistas) --
_tEl compromiso del economista --
_tBiografía general.
590 _aLa biblioteca posee 2 ejemplares autografiado por el autor
590 _aInventariado, 2018/BT
650 4 _aNeoliberalismo
_91531
651 4 _aRepública Dominicana
_xPolítica Económica
_9643
651 4 _aRepública Dominicana
_xCondiciones Económicas
_9281
710 _aUniversidad Autónoma de Santo Domingo
_976692
830 0 _aPublicaciones de la Universidad Autónoma de Santo Domingo ;
_n1252
_91533
830 0 _aEconomía y Sociedad ;
_n19
_91534
910 _aValidado. Control de calidad. MFF
999 _c459
_d459